つながりうた もりのおく 歌詞 - Statistics

General Stats
  • This quiz has been taken 60 times
  • The average score is 20 of 33
Answer Stats
Answer % Correct
もりのおく
100%
もりのおく
100%
くまのおやこ
98%
くまのおやこ
98%
くまのおやこ
98%
ことりのうた
74%
70%
びっくり
70%
こやにとうちゃく
70%
すやすやねむる
66%
すやすやねむる
66%
りすのすあな
62%
るすばんこりす
62%
るすばんこりす
62%
さんじのおやつ
60%
つくる
58%
にひきのへび
57%
たにまをわたり
55%
なかよしきょうだい
53%
きつつき
53%
くまのかあさん
53%
きをつつく
49%
いち
47%
さんびき
47%
いわしぐも
45%
こみちをゆく
43%
くさのかげに
43%
ルルルルル
36%
ルルルルル
36%
ルルルルルル
36%
ルルルルルルル
36%
ルルルルルルル
36%
くりのきょうだい
32%
No matching quizzes found
Score Distribution
Percent of People with Each Score
Percentile by Number Answered
Your Score History
You have not taken this quiz